000 00542nam a2200169 i 4500
001 60229
003 ES-MaACL
005 20230906164202.0
007 t|
008 031103s1977 sp ||||1| spa d
100 1 _aEscriche Esteban, Manuel.
_947649
245 1 0 _aDoñana /
_cManuel Escriche Esteban.
260 _aMadrid :
_bInstituto Nacional de Enseñanza Media Cervantes,
_c1977.
300 _a34 p., 4 lám. :
_bil. ;
_c22 cm.
710 2 _aInstituto de Bachillerato Cervantes (Madrid)
_94826
852 _aES-MaACL
_j2113-F-29
_bR.100422
999 _c60229
_d60229